Big 4 Last MVP by City Quiz Stats

Quiz Updated Nov 16, 2017

Challenge
Share
Tweet
Embed
Score 0/41 Timer 07:00
1 Play Today
City Player % Correct
New EnglandTom Brady
93.7%
IndianapolisPeyton Manning
83.7%
ClevelandLeBron James
82.4%
Green BayAaron Rodgers
79.2%
Oklahoma CityRussell Westbrook
75.9%
Los AngelesMike Trout
74.9%
San AntonioTim Duncan
71.1%
ChicagoPatrick Kane & Kris Bryant
69.6%
New YorkAlex Rodriguez
67.9%
AtlantaMatt Ryan
65.5%
St. LouisAlbert Pujols
63.6%
Salt Lake CityKarl Malone
63.6%
PhoenixSteve Nash
62.5%
PittsburghSidney Crosby
61.9%
MiamiGiancarlo Stanton
60.3%
San FranciscoBuster Posey
58.9%
BostonTom Brady
57.2%
BaltimoreCal Ripken, Jr.
55.4%
Minneapolis/St. PaulAdrian Peterson
52.6%
WashingtonBryce Harper
50.9%
San DiegoLaDainian Tomlinson
50.2%
City Player % Correct
HoustonJosé Altuve
48.7%
OaklandSteph Curry
48%
CharlotteCam Newton
44.9%
PhiladelphiaJimmy Rollins
44.3%
DallasJosh Hamilton
41.3%
Kansas CityGeorge Brett
41.2%
SeattleShaun Alexander
40.1%
DetroitMiguel Cabrera
39.5%
MilwaukeeRyan Braun
37.9%
EdmontonConnor McDavid
33.9%
CincinnatiJoey Votto
33.3%
NashvilleSteve McNair
32.9%
DenverPeyton Manning
31.9%
San JoseJoe Thornton
29.2%
PortlandBill Walton
28.8%
BuffaloDominik Hasek
26.9%
Tampa BayMartin St. Louis
25%
VancouverHenrik Sedin
23.9%
TorontoJosh Donaldson
14.1%
MontrealCarey Price
11%

You're not logged in!

Compare scores with friends on all Sporcle quizzes.
Sign Up with Email
OR
Log In

You Might Also Like...

Show Comments

Extras

Top Quizzes Today


Score Distribution

Your Account Isn't Verified!

In order to create a playlist on Sporcle, you need to verify the email address you used during registration. Go to your Sporcle Settings to finish the process.